El vidrio en México (Record no. 2095)

MARC details
000 -CABECERA
campo de control de longitud fija 00726nam a2200181 a 4500
001 - NÚMERO DE CONTROL
campo de control BRCA_2354
005 - FECHA Y HORA DE LA ÚLTIMA TRANSACCIÓN
campo de control 20190320203754.0
008 - DATOS DE LONGITUD FIJA--INFORMACIÓN GENERAL
campo de control de longitud fija 231008s1990----mx-a---###---#000-0#spa-#
020 ## - NÚMERO INTERNACIONAL ESTÁNDAR DEL LIBRO
Número Internacional Estándar del Libro 9686534008
050 #4 - SIGNATURA TOPOGRÁFICA DE LA BIBLIOTECA DEL CONGRESO
Número de clasificación NK5114
Número de documento/Ítem .F47 1990
100 1# - ENTRADA PRINCIPAL--NOMBRE DE PERSONA
Nombre de persona Fernández, Miguel Ángel
9 (RLIN) 7057
245 10 - MENCIÓN DE TÍTULO
Título El vidrio en México
Mención de responsabilidad, etc. Miguel Ángel Fernández.
260 ## - PUBLICACIÓN, DISTRIBUCIÓN, ETC.
Lugar de publicación, distribución, etc. México
Nombre del editor, distribuidor, etc. Centro de Arte Vitro
Fecha de publicación, distribución, etc. 1990
300 ## - DESCRIPCIÓN FÍSICA
Extensión 279 p.
Otras características físicas il. (algunas a color)
Dimensiones 35 cm.
Material acompañante/anejo Folleto de la exposición temporal realizada en el Museo Nacional de Historia, Castillo de Chapultepec (Ciudad de México), diciembre 1989 - febrero 1990. 12 p. ; 28 cm.
504 ## - NOTA DE BIBLIOGRAFÍA, ETC.
Nota de bibliografía, etc. Bibliografía: p. 267-279
650 14 - PUNTO DE ACCESO ADICIONAL DE MATERIA--TÉRMINO DE MATERIA
Término de materia o nombre geográfico como elemento de entrada Cristalería
Subdivisión general Historia
Subdivisión geográfica México
9 (RLIN) 7058
942 ## - ELEMENTOS DE PUNTO DE ACCESO ADICIONAL (KOHA)
Fuente del sistema de clasificación o colocación Library of Congress Classification
Tipo de ítem Koha Libros
Holdings
Estado de retiro Estado de pérdida Estado dañado No para préstamo Localización permanente Ubicación/localización actual Fecha de adquisición Total de préstamos Signatura topográfica completa Código de barras Fecha visto por última vez Precio válido a partir de Tipo de ítem Koha
El ejemplar forma parte de la colección y puede ser consultado según las políticas vigentes.       Biblioteca del Museo Franz Mayer (Rogerio Casas-Alatriste) Biblioteca del Museo Franz Mayer (Rogerio Casas-Alatriste) 23/10/2008   NK5114 .F47 1990 01410 22/03/2019 22/03/2019 Libros